Online Catalogue and eLibrary

Kadapathak nathi jathiya (Record no. 5031)

MARC details
000 -LEADER
fixed length control field 00398nam a2200157Ia 4500
005 - DATE AND TIME OF LATEST TRANSACTION
control field 20250528035646.0
008 - FIXED-LENGTH DATA ELEMENTS--GENERAL INFORMATION
fixed length control field 240331s9999 xx 000 0 und d
020 ## - INTERNATIONAL STANDARD BOOK NUMBER
ISBN 9789558770023
082 ## - DDC Classification
Class No. 303
Item Number - Author Mark KAD
100 ## - MAIN ENTRY--PERSONAL NAME
Personal name Weerasinghe,A
245 #0 - TITLE STATEMENT
Title Kadapathak nathi jathiya
260 ## - PUBLICATION, DISTRIBUTION, ETC.
Place of publication, distribution, etc. Boralesgamuwa
Name of publisher, distributor, etc. Cultural Publication
Date of publication, distribution, etc. 2009
300 ## - PHYSICAL DESCRIPTION
Extent (e.g. Volumes, Pages etc.) 231 p .,
650 ## - SUBJECT ADDED ENTRY--TOPICAL TERM
Topical term or geographic name entry element Cultural expression
942 ## - Koha item type (Biblio)
Koha item type Books in Stacks (Lending)
Holdings
Lost status Damaged status Collection code Home library Current library Shelving location Date acquired Accession Number Item type
    Lending WERC Library WERC Library Social Science Cupboard 03/31/2024 3172 Books in Stacks (Lending)

© WERC Library